Name a Valid Answer - Board Games - Statistics

General Stats
  • This quiz has been taken 164 times
  • The average score is 10 of 15
Answer Stats
Category # Answers % Correct
Pieces in Chess 6 King | Queen | Bishop | Knight | Rook | Pawn
100%
Monopoly corner squares 4 Go | Jail | Free Parking | Go to Jail
96%
Weapons in Clue 6 Candlestick | Dagger | Lead Piping | Revolver | Rope | Spanner
94%
Suits in a card deck 4 Spade | Club | Heart | Diamond
94%
Special cards in Uno 7 +2 | Wild +4 | Skip | Reverse | Wild | Wild Shuffle Hands | Wild Customizable
88%
Years D&D was published 10 1974 | 1977 | 1981 | 1983 | 1989 | 2000 | 2003 | 2008 | 2014 | 2024
69%
Canadian provinces and territories in Risk 4 Northwest Territory | Alberta | Ontario | Quebec
68%
Letters with 5 points in Scrabble 1 K
66%
Words on a Ouija board 4 Yes | No | Hello | Goodbye
66%
Insurances in The Game of Life 4 Automobile | Life | Fire | Homeowners'
61%
Ships in Battleship 5 Carrier | Battleship | Destroyer | Submarine | Patrol Boat
61%
Catan resources 5 Wool | Grain | Lumber | Brick | Ore
54%
Playable powers in Axis & Allies: Classic 5 Nazi Germany | Empire of Japan | Soviet Union | United Kingdom | United States
52%
Guess Who? characters with beards 6 Bill | Daniel | David | Jordan | Philip | Richard
21%
Special cards in Sorry! (other than Sorry) 4 4 | 7 | 10 | 11
17%
No matching quizzes found
Score Distribution
Percent of People with Each Score
Percentile by Number Answered
Your Score History
You have not taken this quiz